000 03337nam a2200289 i 4500
005 20250329165507.0
007 ta
008 200622s2021 000 0 eng d
040 _aCO-CtgCURN
_bspa
_ccoctgcurn
_erda
082 0 _aTCS 2021
_bP438
100 1 _aPérez Parra, Daniel Eduardo,
_eauthor.
_4aut
245 1 4 _aLas tics y su relevancia en el rol contable /
_cDaniel Eduardo Pérez Parra; Eloy Guillermo Utría Rodríguez; tutor Albeto González.
260 _aCartagena de Indias :
_bCorporación Universitaria Rafael Núñez,
_c2021.
260 4 _c©2021.
300 _a13 hojas.
336 _atext
_btxt
_2rdacontent
337 _aunmediated
_bn
_2rdamedia
338 _avolume
_bnc
_2rdacarrier
502 _aTrabajo de grado (Tecnologo en contabilidad sistematizada). Corporación Universitaria Rafael Núñez. Facultad de Ciencias Administrativas y Contables. Programa de Tecnología en Contabilidad Sistematizada, 2021.
520 8 _a"En la actualidad conocemos que el avance de la tecnología se mueve a pasos agigantados, esta a su vez acapara rápidamente todos los ámbitos sociales, culturales y económicos en el mundo tanto a así que paso de ser algo meramente experimental a convertirse en algo esencial y necesario en nuestro diario vivir. Las ciencias contables también tienen parte dentro de este avance tecnológico, haciéndolas cada vez más eficientes y concisas; lo que ha impulsado a los entes y personas capaces de desempeñar labores en estas ciencias querer incursionar en las tecnologías de información y comunicación, es por eso que hasta el día de hoy se han alcanzado avances que anteriormente eran inimaginables, los cuales han permitido la eficiencia en algunas prácticas y tareas puntuales, desde el almacenamiento de datos hasta la rapidez que hay para efectuar una operación bancaria; y es que la interdisciplinariedad entre las tecnologías de información y las ciencias contables y administrativas han revolucionado el mundo económico de muchos países, cerrando las brechas que anteriormente asediaban todos aquellos intentos de ejercer la contabilidad. El beneficio de contar con estas nuevas tecnologías a la mano y de manera asequible ha permitido que las personas y entes lleven a tiempo el control de sus recursos, reduciendo los márgenes de error en las operaciones en donde estas se vean involucradas, trayendo consigo uno de los principios importantes en los ejes contables como lo es: brindar información clara y concisa para la toma de decisiones; esto logrado gracias al correcto manejo de softwares que brindan la posibilidad de ejercer estas tareas, a esto se le suma la capacidad de almacenar una gran cuenta de datos que anteriormente era impensable almacenar, en donde casi toda la población con un computador y acceso a la red puede hacer uso de estos beneficios."
650 0 _aContabilidad sistematizada
_xTesis y disertaciones académicas.
700 1 _aUtría Rodríguez, Eloy Guillermo ; tutor Albeto González.
700 1 _aGonzález, Albeto,
_etutor.
856 7 _uhttps://unicurn.sharepoint.com/:b:/s/biblioteca/Ecw30-MfJ3lDhA98C0eEUyYBTPMz-T_csvHKH692hiLwjA?e=WjeezL
_zClick aqui para ver el recurso en texto completo
942 _cTG
_hTCS 2021
_iP438
_aMHC
_bMHC
_2ddc
999 _c5871
_d5871